[Event "NOR-ch Class4"]
[Site "Lillehammer"]
[Date "2013.06.29"]
[Round "7"]
[White "Gronn, Torbjorn Vevle"]
[Black "Lillesand, Svein Arne"]
[Result "0-1"]
[WhiteElo "1000"]
[BlackElo "1087"]
[PlyCount "78"]
[EventDate "2013.06.29"]
[EventType "swiss"]
[EventRounds "9"]
[EventCountry "NOR"]
[SourceTitle "EXT 2017"]
[Source "ChessBase"]
[SourceDate "2016.10.25"]
[SourceVersion "1"]
[SourceVersionDate "2016.10.25"]
[SourceQuality "1"]

1. e4 c5 2. d4 cxd4 3. c3 dxc3 4. Nxc3 Nc6 5. Bc4 e6 6. Be3 Nf6 7. a3 a6 8. Nf3 Qc7 9. 0-0 Be7 10. Rc1 Nxe4 11. Nxe4 d5 12. Bxd5 exd5 13. Qxd5 Be6 14. Qd2 Rd8 15. Qc3 0-0 16. Bd4 f6 17. Qe3 Bd5 18. Bb6 Qc8 19. Bxd8 Rxd8 20. Rfd1 Qe6 21. Nc3 Qxe3 22. fxe3 Bxf3 23. gxf3 Rxd1+ 24. Rxd1 Bc5 25. Kf2 Ne5 26. Ne4 Ba7 27. Rc1 Nd3+ 28. Ke2 Nxc1+ 29. Kd2 Nb3+ 30. Kc3 Nc5 31. Nxc5 Bxc5 32. e4 Bd6 33. h3 Kf7 34. a4 a5 35. Kc4 b6 36. Kb5 Bc5 37. Kc4 Ke6 38. f4 g6 39. Kb5 g5 0-1

[Event "NOR-ch Class4"]
[Site "Lillehammer"]
[Date "2013.06.29"]
[Round "2"]
[White "Gronn, Torbjorn Vevle"]
[Black "Robertsen, Per Nicolai"]
[Result "1/2-1/2"]
[WhiteElo "1000"]
[BlackElo "1222"]
[PlyCount "83"]
[EventDate "2013.06.29"]
[EventType "swiss"]
[EventRounds "9"]
[EventCountry "NOR"]
[SourceTitle "EXT 2017"]
[Source "ChessBase"]
[SourceDate "2016.10.25"]
[SourceVersion "1"]
[SourceVersionDate "2016.10.25"]
[SourceQuality "1"]

1. e4 c5 2. d4 cxd4 3. c3 dxc3 4. Nxc3 Nc6 5. Bc4 e6 6. a3 a6 7. Be3 b5 8. Ba2 Bb7 9. Rc1 Be7 10. Nf3 Nf6 11. 0-0 0-0 12. Qd3 Rc8 13. Bb1 Qc7 14. Bg5 Ne5 15. Nxe5 Qxe5 16. f4 Qd6 17. Rcd1 Qxd3 18. Rxd3 Bc5+ 19. Kh1 Nxe4 20. Rxd7 Bc6 21. Nxe4 Bxd7 22. Nxc5 Rxc5 23. Be7 Rfc8 24. Bxc5 Rxc5 25. Be4 Bc6 26. Rd1 Kf8 27. Bxc6 Rxc6 28. Kg1 Ke7 29. Rd2 Rc5 30. Kf2 Rd5 31. Rc2 Kd7 32. Ke3 g5 33. fxg5 Rxg5 34. Rf2 Ke7 35. Rc2 Kd7 36. Rf2 f5 37. Kf4 Rg4+ 38. Ke5 Ke7 39. Re2 Re4+ 40. Rxe4 fxe4 41. Kxe4 Kf6 42. Kf4 1/2-1/2